| 000 | 00363 a2200109 4500 | ||
|---|---|---|---|
| 001 | ART_49961 | ||
| 005 | 20260410161809.0 | ||
| 008 | 260409a | ||
| 245 | 1 | 0 | _aAspectos concursales vinculados al fallecimiento de la persona humana |
| 100 | 1 | _aArduino, Augusto H.L. | |
| 773 | 0 |
_tDoctrina Societaria y Concursal _g- N° 383 (oct. 2019) _wREV4298 |
|
| 999 |
_c21317 _d21317 |
||